<?xml version="1.0" encoding="UTF-8"?>
<marc:record xmlns:marc="http://www.loc.gov/MARC21/slim">
   <marc:leader>00000nam a2200000 a 4500</marc:leader>
   <marc:datafield ind1="1" ind2=" " tag="100">
      <marc:subfield code="a">Todenhöfer, Jürgen</marc:subfield>
      <marc:subfield code="4">aut</marc:subfield>
      <marc:subfield code="e">Verfasser/-in</marc:subfield>
   </marc:datafield>
   <marc:datafield ind1="0" ind2="0" tag="245">
      <marc:subfield code="a">Du sollst nicht töten</marc:subfield>
   </marc:datafield>
   <marc:datafield ind1="0" ind2="0" tag="245">
      <marc:subfield code="b">mein Traum vom Frieden</marc:subfield>
   </marc:datafield>
   <marc:datafield ind1="0" ind2="0" tag="245">
      <marc:subfield code="c">Jürgen Todenhöfer</marc:subfield>
   </marc:datafield>
   <marc:datafield ind1=" " ind2="1" tag="264">
      <marc:subfield code="a">München</marc:subfield>
      <marc:subfield code="b">Bertelsmann</marc:subfield>
      <marc:subfield code="c">2013</marc:subfield>
   </marc:datafield>
   <marc:datafield ind1=" " ind2=" " tag="250">
      <marc:subfield code="a">1. Aufl.</marc:subfield>
   </marc:datafield>
   <marc:datafield ind1="1" ind2=" " tag="520">
      <marc:subfield code="a">Angaben aus der Verlagsmeldung

Du sollst nicht töten : Mein Traum vom Frieden / von Jürgen Todenhöfer

Jürgen Todenhöfer mit einem sehr persönlichen Plädoyer für den Frieden
Sein Buch, das sich vornehmlich aus seinen dramatischen Erlebnissen während des Arabischen Frühlings speist, legt Zeugnis ab von Hass, Demütigung und Vernichtung – gestern und heute. Immer wieder fragt er sich, warum Menschen moralische Grenzen überschreiten. Nicht nur jene, die vergewaltigen, foltern und töten, sondern auch jene, die am Schreibtisch andere aussenden »zur Verteidigung« von Freiheit und Frieden. Immer wieder konfrontiert Jürgen Todenhöfer das Bild, das öffentlich von Kriegen gezeichnet wird, mit der Realität vor Ort. Er gibt den Namenlosen ein Gesicht und zeigt uns unsere beschämenden Feindbilder.
</marc:subfield>
   </marc:datafield>
   <marc:datafield ind1=" " ind2=" " tag="020">
      <marc:subfield code="a">9783570101827</marc:subfield>
      <marc:subfield code="9">9783570101827</marc:subfield>
   </marc:datafield>
   <marc:datafield ind1=" " ind2=" " tag="020">
      <marc:subfield code="a">3570101827</marc:subfield>
      <marc:subfield code="9">3570101827</marc:subfield>
   </marc:datafield>
   <marc:datafield ind1=" " ind2=" " tag="300">
      <marc:subfield code="a">446 S.</marc:subfield>
   </marc:datafield>
</marc:record>
